000 00672nam a2200265Ia 4500
005 20260121165824.0
008 008 260114s9999 xx 000 0 eng d
020 _a9788132226109
037 _aEBOOK
040 _aCRL
040 _beng
040 _cCRL
041 _2eng
041 _aeng
084 _qCRL
100 _aPratyoosh Shukla
_91056467
245 0 _aFrontier Discoveries and Innovations in Interdisciplinary Microbiology
260 _bSpringer
260 _bSpringer
260 _c2016
856 _uhttps://link.springer.com/openurl?genre=book&isbn=978-81-322-2610-9
942 _cEBOOK
999 _c1622195
_d1622195